| 000 | 00566nam a2200205 a 4500 | ||
|---|---|---|---|
| 001 | 1106 | ||
| 003 | CDMR | ||
| 005 | 20131210133002.0 | ||
| 008 | 130130s1979||||||||||||||||||||||||||||d | ||
| 020 | _a8431306076 | ||
| 040 |
_aCDMR _bcat _cCDMR |
||
| 100 | 1 |
_aBrajnovic, Luka _9519 |
|
| 245 | 1 | 3 |
_aEl ámbito científico de la información _cLuka Brajnovic |
| 260 |
_aPamplona _c1979 _bEUNSA |
||
| 300 | _a178 p. | ||
| 490 | 0 | _aCiencias de la Información | |
| 650 | 0 | 4 |
_92194 _aInformació, Teoria de la |
| 650 | 0 | 4 |
_9320 _aCiències de la informació |
| 942 |
_cMON _2udc |
||
| 999 |
_c1106 _d1106 |
||